CBI speaks out (Record no. 117661)

MARC details
000 -LEADER
fixed length control field 01217cam a2200229 4500
001 - CONTROL NUMBER
control field WB@3612-94
008 - FIXED-LENGTH DATA ELEMENTS--GENERAL INFORMATION
fixed length control field 040707n2004 000 0 eng u
035 ## - SYSTEM CONTROL NUMBER
System control number (Sirsi) u126724
245 ## - TITLE STATEMENT
Title CBI speaks out
260 ## - PUBLICATION, DISTRIBUTION, ETC.
Date of publication, distribution, etc. 2004
490 ## - SERIES STATEMENT
Series statement CBI News Release
Volume/sequential designation 5 July 2004 (3)
520 ## - SUMMARY, ETC.
Summary, etc. The CBI speaks out over enforcement of environmental regulation - which it says is adding unnecessarily to an annual compliance bill of £4 billion. In it's report "The UK as a place to do business: UK environmental regulation", the CBI criticises the Environment Agency and DEFRA and says that regulations are badly designed and poorly implemented and that businesses are struggling to meet them. The report can be purchased from http://www.tso.co.uk/cbi/bookstore.asp?FO=1153079& DI=521482 £40 (ISBN 0852016034). http://www.cbi.org.uk/ndbs/press.nsf/0363c1f07c6ca 12a8025671c00381cc7/bf8f9cfbbe39dce280256ec3004064 49?OpenDocument
590 ## - LOCAL NOTE (RLIN)
Local note WB
590 ## - LOCAL NOTE (RLIN)
Local note WB
650 ## - SUBJECT ADDED ENTRY--TOPICAL TERM
Topical term or geographic name entry element COMPLIANCE
650 ## - SUBJECT ADDED ENTRY--TOPICAL TERM
Topical term or geographic name entry element ENVIRONMENTAL REGULATIONS
650 ## - SUBJECT ADDED ENTRY--TOPICAL TERM
Topical term or geographic name entry element BUSINESS COSTS
650 ## - SUBJECT ADDED ENTRY--TOPICAL TERM
Topical term or geographic name entry element ENVIRONMENTAL LEGISLATION
650 ## - SUBJECT ADDED ENTRY--TOPICAL TERM
Topical term or geographic name entry element REGULATORY CONCERNS
690 ## - LOCAL SUBJECT ADDED ENTRY--TOPICAL TERM (OCLC, RLIN)
Topical term or geographic name as entry element BUILDING AND CONSTRUCTION-REGULATION AND CONTROL
942 ## - ADDED ENTRY ELEMENTS (KOHA)
Suppress in OPAC 0
Holdings
Withdrawn status Lost status Source of classification or shelving scheme Damaged status Not for loan Home library Current library Shelving location Date acquired Total Checkouts Full call number Barcode Date last seen Copy number Price effective from Koha item type
    Dewey Decimal Classification     London London News article 07/07/2004   WB4026-01 126724-1001 06/08/2019 1 06/08/2019 News article